01309nam a2200349Ia 4500001001200000003000800012006001900020007001500039008004100054010001700095020002700112020003000139020001800169040002100187035002100208050002600229082002200255100002500277245009100302260003800393300002400431490003800455504005100493533015200544650003500696650001900731655002900750700002000779710001700799856012600816999001700942ebr10663006CaPaEBRm u cr cn|||||||||090827s2010 nyua sb 001 0 eng d z 2009035680 z1608763528 (softcover) z9781608763528 (softcover) z9781612098173 aCaPaEBRcCaPaEBR a(OCoLC)70429004814aRC553.A88bD63 2010eb04a616.85/8820712221 aDochniak, Michael J.10aAllergies and autismh[electronic resource] /cMichael J. Dochniak and Denise H. Dunn. aNew York :bNova Science,cc2010. axiv, 132 p. :bill.0 aAllergies and infectious diseases aIncludes bibliographical references and index. aElectronic reproduction.bPalo Alto, Calif. :cebrary,d2013.nAvailable via World Wide Web.nAccess may be limited to ebrary affiliated libraries. 0aAutismxImmunological aspects. 0aLatex allergy. 7aElectronic books.2local1 aDunn, Denise H.2 aebrary, Inc.40uhttp://site.ebrary.com/lib/rucke/Doc?id=10663006zAn electronic book accessible through the World Wide Web; click to view c68937d68937